000 00741nam a2200253Ia 4500
003 OSt
005 20220918193303.0
006 a|||||r|||| 00| 0
007 ta
008 220917b |||||||| |||| 00| 0 eng d
024 _a72,485
037 _cTextual
040 _aARTS
_cARTS
_beng
041 _2eng
_aeng
082 _aR47,(G:6), N5
100 _aRollin Bernard E
245 0 _aFrankenstein syndrome
_b ethical and social issues in the gentic of animals
260 _aCambridge
_bCUP
_c1995
300 _axiv,241p.
_ccm.
490 _aCambridge studies in philosophy and public policy
650 _aANIMAL RIGHTS; ETHICS
942 _hR47,(G:6), N5
_cTEXL
_2CC
999 _c198473
_d198473